000 00408nam a2200133 4500
008 708 P116n
082 _a708
_bP116n
100 _aPacheco, Nazareth
_96523
245 _aNazareth Pacheco
260 _aSão Paulo
_bGaleria Brito Cimino
_c2003
300 _a96 p.
_bill (col)
_c26 x 20 cm
650 _xarte contemporáneo
_xarte - exhibiciones
_xBrasil
_xartistas - mujeres
_96524
700 _aChnaiderman, Miriam
_96525
999 _c1550
_d1550